000 01566nam a2200361Ia 4500
001 ebr10688194
003 CaPaEBR
006 m u
007 cr cn|||||||||
008 060923s2012 si sb 101 0 eng d
020 _z9789814439909
020 _z9789814415040
040 _aCaPaEBR
_cCaPaEBR
035 _a(OCoLC)847001098
050 1 4 _aTK7871.85
_b.A8 2012eb
111 2 _aAsian Conference on Solid State Ionics
_n(13th :
_d2012 :
_cSendai, Japan)
245 1 0 _aProceedings of the 13th Asian Conference on Solid State Ionics
_h[electronic resource] :
_bionics for a sustainable world: Sendai Japan, 17-20 July 2012 /
_ceditors, B.V.R. Chowdari ... [et al.].
246 3 _aSolid state ionics
246 3 _aIonics for a sustainable world
260 _aSingapore ;
_aHackensack, NJ :
_bWorld Scientific,
_cc2012.
300 _axxvi, 737 p.
500 _a"Asian Society for Solid State Ionics."
504 _aIncludes bibliographical references and index.
533 _aElectronic reproduction.
_bPalo Alto, Calif. :
_cebrary,
_d2013.
_nAvailable via World Wide Web.
_nAccess may be limited to ebrary affiliated libraries.
650 0 _aSemiconductors
_vCongresses.
650 0 _aSolid state electronics
_vCongresses.
650 0 _aIons
_vCongresses.
655 7 _aElectronic books.
_2local
700 1 _aChowdari, B. V. R.
710 2 _aAsian Society for Solid State Ionics.
710 2 _aebrary, Inc.
856 4 0 _uhttp://site.ebrary.com/lib/rucke/Doc?id=10688194
_zAn electronic book accessible through the World Wide Web; click to view
999 _c29822
_d29822